ESSENTIAL PSYCHOTHERAPIES THEORY AND PRACTICE / (Record no. 798479)

MARC details
000 -LEADER
fixed length control field 00541pam a2200193 a 4500
020 ## - INTERNATIONAL STANDARD BOOK NUMBER
International Standard Book Number 9781593852207
Terms of availability 2717.00
041 ## - LANGUAGE CODE
Language code of text/sound track or separate title eng
Language code of original NULL
082 ## - DEWEY DECIMAL CLASSIFICATION NUMBER
Classification number 616.8914
Item number GUR/MES
100 ## - MAIN ENTRY--PERSONAL NAME
Personal name GURMAN, A .
245 ## - TITLE STATEMENT
Title ESSENTIAL PSYCHOTHERAPIES THEORY AND PRACTICE /
Statement of responsibility, etc. NULL.
Medium Textual Documents
250 ## - EDITION STATEMENT
Edition statement 2 /
Remainder of edition statement .
260 ## - PUBLICATION, DISTRIBUTION, ETC.
Place of publication, distribution, etc. NULL :
Name of publisher, distributor, etc. THE GUILFORD PRESS. N. YEORK ,
Date of publication, distribution, etc. 2005.
300 ## - PHYSICAL DESCRIPTION
Extent 9781593852207 :
Other physical details XI ;
Dimensions A4 .
365 ## - TRADE PRICE
Price type code 2717.00
650 ## - SUBJECT ADDED ENTRY--TOPICAL TERM
Topical term or geographic name entry element PSYCHIATRY
700 ## - ADDED ENTRY--PERSONAL NAME
Personal name MESSER, S .
930 ## - EQUIVALENCE OR CROSS-REFERENCE-UNIFORM TITLE HEADING [LOCAL, CANADA]
Uniform title 3945
Holdings
Withdrawn status Lost status Damaged status Not for loan Home library Current library Date acquired Cost, normal purchase price Total Checkouts Full call number Barcode Date last seen Copy number Price effective from Koha item type
        Medical College & Hospital, Sangli Medical College & Hospital, Sangli 28/11/2011 2717.00   616.8914 GUR/MES MCS-8589 26/07/2023 1 26/07/2023 Book